000
00272nam a22001097a 4500
008
170126b xxu||||| |||| 00| 0 eng d
020
_a
0070072728
041
_a
eng
080
_2
15TH
_a
61
245
_a
HARRISON'S PRINCIPLES OF INTERNAL MEDICINE
_c
BRAUNWALD
942
_2
udc
_c
BK
999
_c
3783
_d
3783